000 01048nmm a2200313 a 4500
001 ocm0001917295
003 TR-IsHL
005 20201028175051.0
008 180925s2018 tu tur
007 cr cn
020 _a9786059555203
035 _a1917295
_b(N$T)
050 0 4 _aND3211
_b.S66 2018
090 0 4 _aND3211
_b.S66 2018
100 1 _aSönmez, Hacer
245 1 0 _aYeni başlayanlar için tezhip I
_h[electronic resource] /
_cHacer Sönmez
260 _aİstanbul :
_bİnkılab Yayınları,
_c2018
300 _a64 p.
500 _aKaynakça var.
650 4 _aGenel Çalışmalar
650 4 _aGeneral Works
650 0 _aTezhip sanatı, Türk
650 0 _aHat sanatı, İslam
_x Türkiye
650 0 _aIslamic calligraphy
_x Turkey
650 0 _aTezhip, Kitaplar ve el yazmaları, Türk
650 0 _aIllumination of books and manuscripts, Turkish.
650 7 _aART / Techniques / Calligraphy
_2bisacsh
856 4 0 _uhttp://search.ebscohost.com/login.aspx?direct=true&scope=site&db=e011xww&AN=1917295
999 _c18492
_d18492